000
00489nam a2200181Ia 4500
008
090123s9999 xx 000 0 und d
082
_b
42071
100
_a
मंगेशकर गीता
245
_a
मधुचंद्र.
250
_a
1
260
_c
2007
300
_a
200
600
_a
मंगेशकर गीता
630
_a
मधुचंद्र.
700
_a
मंगेशकर गीता
730
_a
मधुचंद्र.
942
_c
BOOK
999
_c
80189
_d
80189